Can't fight the moonlight (LeAnn Rimes) - lyrics - Statistics

General Stats
  • This quiz has been taken 18 times
  • The average score is 235 of 286
Answer Stats
Answer % Correct
can
100%
to
100%
try
100%
Try
100%
you
100%
You
100%
a
93%
But
93%
cant
93%
Cant
93%
fight
93%
from
93%
hide
93%
It
93%
it
93%
It's
93%
its
93%
kiss
93%
know
93%
moonlight
93%
that
93%
the
93%
The
93%
your
93%
Deep
86%
Gonna
86%
gonna
86%
heart
86%
in
86%
my
86%
no
86%
No
86%
resist
86%
surrender
86%
be
79%
dark
79%
do
79%
Feel
79%
get
79%
is
79%
with
79%
You'll
79%
And
71%
feeling
71%
love
71%
night
71%
one's
71%
so
71%
There's
71%
tonight
71%
Under
71%
you're
71%
magical
64%
matter
64%
right
64%
sky
64%
starlight
64%
Til
64%
Underneath
64%
what
64%
around
57%
steal
57%
sun
57%
think
57%
too
57%
will
57%
arms
50%
down
50%
If
50%
just
50%
lovers
50%
oh
50%
Well
50%
We'll
50%
wont
50%
Dont
43%
escaping
43%
fall
43%
goes
43%
long
43%
long)
43%
(not
43%
until
43%
wait
43%
breeze
36%
lost
36%
never
36%
rhythm
36%
gentle
29%
upon
29%
Once
21%
win
21%
spell
14%
Weaves
7%
No matching quizzes found
Score Distribution
Percent of People with Each Score
Percentile by Number Answered
Your Score History
You have not taken this quiz